[Event "17th Hampstead: U2200"]
[Site "Hampstead"]
[Date "2014.04.13"]
[Round "4"]
[White "Cadart, Antoine"]
[Black "Meikle-Briggs, Richard"]
[Result "1-0"]
[WhiteElo "1630"]
[BlackElo "1840"]

1. e4 c5 2. Nf3 Nc6 3. d4 cxd4 4. Nxd4 g6 5. Be2 Bg7 6. Nb3 Nf6 7. Nc3 O-O 8.
O-O d6 9. Bg5 Bd7 10. Kh1 a6 11. a4 Rc8 12. Be3 Nb4 13. f4 Bc6 14. Bf3 Qd7 15.
Qe2 b5 16. a5 Qb7 17. Bb6 Nd7 18. Bd4 e5 19. Bg1 exf4 20. Nd4 Rfe8 21. Nxc6
Nxc6 22. Bg4 f5 23. Bf3 fxe4 24. Bxe4 Kh8 25. Qf3 Be5 26. Nd5 Nc5 27. Bxc5
dxc5 28. c3 Rf8 29. Nb6 Rc7 30. Rad1 Rff7 31. Rd5 Bg7 32. Rxc5 Rf6 33. Nd5
{#r} 1-0

[Event "17th Hampstead: U2200"]
[Site "Hampstead"]
[Date "2014.04.13"]
[Round "4"]
[White "Ungaro, Fabio"]
[Black "Gladstone, Joel"]
[Result "1/2-1/2"]
[WhiteElo "1705"]
[BlackElo "1637"]

1. e4 c6 2. d4 d5 3. exd5 cxd5 4. c4 Nf6 5. Nc3 e6 6. Bg5 Be7 7. Nf3 Nbd7 8.
Qb3 Qa5 9. Bd3 O-O 10. O-O dxc4 11. Bxc4 b6 12. Rfe1 h6 13. Bh4 g5 14. Bg3 Qf5
15. Rxe6 Nc5 16. dxc5 fxe6 17. cxb6 axb6 18. Re1 Kg7 19. Nd4 Qc5 20. Bxe6 Qxd4
21. Bxc8 Bc5 22. Bf5 Ng4 23. Bxg4 Qxg4 24. Be5+ Kg6 25. Bg3 {#d} 1/2-1/2

[Event "17th Hampstead: U2200"]
[Site "Hampstead"]
[Date "2014.04.13"]
[Round "4"]
[White "Johnson, Elizabeth"]
[Black "Jain, Gautam"]
[Result "0-1"]
[WhiteElo "1427"]
[BlackElo "1678"]

1. e4 e5 2. Nf3 Nc6 3. d4 exd4 4. Bc4 Nf6 5. Bg5 h6 6. Bh4 g5 7. Bg3 Nxe4 8.
Nxd4 Nxg3 9. Nxc6 bxc6 10. hxg3 Qe7+ 11. Qe2 d5 12. Qxe7+ Kxe7 13. Bb3 Bg7 14.
Nc3 Re8 15. O-O Kf8 16. Ba4 Bb7 17. Nxd5 cxd5 18. Bxe8 Rxe8 19. Rfe1 Re6 20.
Rxe6 fxe6 21. f4 Ba6 22. c3 Kf7 23. Rc1 e5 24. fxe5 Bxe5 25. Rd1 c6 26. Kf2 h5
27. Rh1 Kg6 28. Re1 Kf5 29. Rh1 Kg4 30. Rh3 c5 31. a3 d4 32. cxd4 cxd4 33. b3
d3 34. Ke3 Bxg3 35. Rh1 Bf4+ 36. Kf2 d2 37. a4 Bd3 38. Ra1 Bc2 39. Ke2 d1=Q+
40. Rxd1 Bxd1+ 41. Kxd1 Bd6 42. Ke1 Kg3 43. Kf1 a5 44. Kg1 Bc5+ 45. Kh1 h4 46.
b4 axb4 47. a5 b3 48. a6 b2 49. a7 b1=Q# 0-1

[Event "17th Hampstead: U2200"]
[Site "Hampstead"]
[Date "2014.04.13"]
[Round "4"]
[White "Rubandhas, R Samprabhu"]
[Black "Samadov, Samir"]
[Result "0-1"]
[WhiteElo "1675"]
[BlackElo "1624"]

1. d4 d5 2. e3 Bf5 3. Nf3 e6 4. c4 c6 5. Qb3 Qb6 6. c5 Qxb3 7. axb3 Bxb1 8.
Rxb1 Nd7 9. b4 a6 10. Bd3 Ngf6 11. O-O Be7 12. Re1 Ne4 13. Nd2 Ndf6 14. f3
Nxd2 15. Bxd2 O-O-O 16. Ra1 h6 17. Bxa6 bxa6 18. Rxa6 Kb7 19. Rea1 Ra8 20.
Rb6+ Kc7 21. Ra5 Rxa5 22. bxa5 Nd7 23. Rb3 Rb8 24. Rxb8 Nxb8 25. e4 dxe4 26.
Bf4+ Kb7 27. fxe4 Bg5 28. Bxg5 hxg5 29. Kf2 Ka6 30. Ke3 Kxa5 31. Kd3 Nd7 32.
Kc4 Nf6 33. b4+ Ka6 34. d5 cxd5+ 35. exd5 Nxd5 36. b5+ Kb7 37. Kb3 f5 38. Kc4
Nc7 39. b6 Na6 40. Kb5 Nb8 41. Kc4 Kc6 42. Kd4 Nd7 43. g4 Nxc5 44. b7 Nxb7 45.
gxf5 exf5 {#R} 0-1

[Event "17th Hampstead: U2200"]
[Site "Hampstead"]
[Date "2014.04.13"]
[Round "4"]
[White "Mitchell, Robert"]
[Black "Karia, Devin"]
[Result "1-0"]
[WhiteElo "1640"]
[BlackElo "1532"]

1. d4 d5 2. Nf3 Nf6 3. c4 e6 4. g3 b6 5. Bg2 Bb7 6. O-O Nbd7 7. Bf4 Be7 8. Nc3
Nh5 9. e3 Nxf4 10. exf4 O-O 11. Ne5 Nf6 12. Re1 c5 13. Nb5 a6 14. Nc3 Rc8 15.
cxd5 exd5 16. Rc1 cxd4 17. Qxd4 Bc5 18. Qd2 Qd6 19. a3 b5 20. b4 Bb6 21. Ne2
Rb8 22. Nd4 Ne4 23. Qb2 Rfe8 24. Nd3 Qf6 25. Nc5 Nxc5 26. Rxe8+ Rxe8 27. bxc5
Ba7 28. Qd2 Rc8 29. Nb3 Qe6 30. Qb4 Qe7 31. Kf1 h6 32. Na5 Ba8 33. c6 Qe6 34.
Re1 Qf5 35. Qd2 Bb6 36. Nb7 Bxb7 37. cxb7 Rb8 38. Bxd5 Qd7 39. Qa2 Qf5 40. Be4
Qc5 41. Bd5 Kh8 42. Bxf7 Qc6 43. Qd5 Qxd5 44. Bxd5 Kh7 45. Rc1 Ba7 46. Be4+ g6
47. Rc7+ Kg8 48. Rc8+ Kf7 49. Rc7+ Ke6 50. Rc6+ Kd7 51. Rxa6 Bc5 52. Rxg6 Bxa3
53. Rxh6 Bd6 54. Rh5 b4 55. Ra5 Bc7 56. Ra8 b3 57. Rxb8 Bxb8 58. Ke2 b2 59.
Kd2 Kc7 60. Kc2 Ba7 61. Kxb2 Bxf2 62. f5 Bg1 63. h3 Bf2 64. g4 Kb8 65. Kb3 Bd4
66. g5 Bg7 67. h4 Be5 68. Kc4 Bg7 69. f6 Bf8 70. g6 Bd6 71. g7 Ka7 72. g8=Q
Ka6 73. b8=Q Bxb8 74. Qxb8 Ka5 75. Qb5# 1-0

[Event "17th Hampstead: U2200"]
[Site "Hampstead"]
[Date "2014.04.13"]
[Round "4"]
[White "Balouka Myers, Reuben"]
[Black "Ivanov, Elizabeth"]
[Result "0-1"]
[WhiteElo "1534"]
[BlackElo "1592"]

1. e4 e5 2. Nf3 Nc6 3. Bb5 a6 4. Bxc6 dxc6 5. O-O Bg4 6. d3 Bc5 7. Nc3 Ne7 8.
Qe2 Ng6 9. Be3 Bd6 10. Rad1 Nh4 11. d4 Bxf3 12. gxf3 exd4 13. Rxd4 Qf6 14. Kh1
Nxf3 {#R} 0-1

[Event "17th Hampstead: U2200"]
[Site "Hampstead"]
[Date "2014.04.13"]
[Round "4"]
[White "Karia, Kamlesh"]
[Black "Gaudeau, Alain"]
[Result "0-1"]
[WhiteElo "1587"]
[BlackElo "1090"]

1. e4 c6 2. d4 d5 3. e5 Bf5 4. Nc3 e6 5. g4 Bg6 6. h4 h6 7. Nf3 Bb4 8. Bd3
Bxc3+ 9. bxc3 Ne7 10. h5 Bxd3 11. cxd3 Nd7 12. c4 O-O 13. Bd2 b6 14. Qc1 Kh7
15. Nh4 f5 16. g5 Ng8 17. Nf3 Re8 18. gxh6 gxh6 19. Rg1 Qe7 20. Bxh6 Nxh6 21.
Ng5+ Kh8 22. f4 Rg8 23. Ke2 Rg7 24. Rb1 Rag8 25. cxd5 cxd5 26. Qc6 Nf8 27.
Rgc1 Rxg5 28. fxg5 Qxg5 29. Rg1 Qxh5+ 30. Kd2 Rxg1 31. Rxg1 Qh2+ 32. Kc3 Qxg1
33. Qe8 Kg8 34. Qe7 Qg7 35. Qh4 Ng4 36. Kd2 Qh6+ 37. Qxh6 Nxh6 38. Kc3 Kf7 39.
Kb4 Ke7 40. Kb5 Nd7 41. Ka6 f4 42. Kxa7 f3 {#R} 0-1

[Event "17th Hampstead: U2200"]
[Site "Hampstead"]
[Date "2014.04.13"]
[Round "4"]
[White "Ratnesan, Ranesh"]
[Black "Jina, Asha"]
[Result "1-0"]
[WhiteElo "1487"]
[BlackElo "1528"]

1. d4 Nf6 2. c4 g6 3. Nc3 Bg7 4. e4 d6 5. f4 O-O 6. Nf3 c5 7. d5 e6 8. Be3
exd5 9. cxd5 Bg4 10. Be2 Nbd7 11. h3 Bxf3 12. Bxf3 a6 13. Rb1 b5 14. Qc2 Re8
15. O-O b4 16. Ne2 Nxd5 17. Bxc5 Nxf4 18. Nxf4 Nxc5 19. Rbd1 Rc8 20. Qe2 Qb6
21. Nd5 Qa7 22. Kh1 a5 23. Rfe1 f5 24. Qc4 Nxe4 25. Ne7+ Kh8 26. Nxc8 Qb8 27.
Bxe4 Rxc8 28. Qe2 fxe4 29. Qxe4 Bxb2 30. Qd5 Be5 31. Rf1 Rc5 32. Qf7 Rc2 33.
Rf2 Rc7 34. Qe6 Qa8 35. Rdf1 Rc8 36. Qxc8+ Qxc8 37. Rf8+ Qxf8 38. Rxf8+ Kg7
39. Ra8 Bc3 40. Ra6 d5 41. Kg1 Kh6 42. Kf2 Kg5 43. Rxa5 Kf4 44. Rxd5 Ke4 45.
Rd7 h5 46. h4 Kf5 47. Kf3 Be1 48. g3 Bc3 49. Rd5+ Ke6 50. Rc5 Kf6 51. a4 Bd4
52. Rc4 Bc3 53. a5 Ke5 54. a6 Bd4 55. Rxd4 Kxd4 56. a7 {#r} 1-0

[Event "17th Hampstead: U2200"]
[Site "Hampstead"]
[Date "2014.04.13"]
[Round "4"]
[White "Balouka Myers, Gabriel"]
[Black "Nair, Lathish"]
[Result "1/2-1/2"]
[WhiteElo "1572"]
[BlackElo "1600"]

1. d4 d5 2. c4 dxc4 3. e3 Bf5 4. Bxc4 e6 5. Nc3 Nf6 6. Nf3 Nc6 7. a3 Be7 8.
O-O O-O 9. Qe2 a6 10. Rd1 Qe8 11. b4 b5 12. Ba2 Bg4 13. Bb2 Rd8 14. Rac1 Nd5
15. Nxd5 exd5 16. Bb1 f5 17. h3 Bh5 18. Qc2 Bxf3 19. gxf3 Rf6 20. Kh2 Qh5 21.
f4 Rdf8 22. Qd3 Bd8 23. Rc5 Ne7 24. Rdc1 Rh6 25. Qf1 Qf3 26. Qg2 {#d} 1/2-1/2

[Event "17th Hampstead: U2200"]
[Site "Hampstead"]
[Date "2014.04.13"]
[Round "5"]
[White "Jaunooby, Ali"]
[Black "Dignam, Matthew"]
[Result "1/2-1/2"]
[WhiteElo "2178"]
[BlackElo "2134"]

1. c4 e6 2. e4 d5 3. exd5 exd5 4. cxd5 Nf6 5. Bb5+ Nbd7 6. Nc3 Be7 7. d4 O-O
8. Nge2 Nb6 9. O-O Nbxd5 10. Bd3 b6 11. Bg5 Bb7 12. Bh4 Re8 13. Rc1 Nxc3 14.
Nxc3 Qd7 15. Bb1 Rad8 16. Qc2 Qg4 17. Bg3 Bd6 18. d5 Bxg3 19. fxg3 Qh5 20. Rf5
Qh6 21. h3 Nxd5 22. Nxd5 Bxd5 23. Qxc7 Qe3+ 24. Rf2 Be6 25. Rcf1 Rd7 26. Qc2
g6 27. Kh2 Red8 28. Qe4 Qxe4 29. Bxe4 Bxa2 30. Ra1 Be6 31. b4 Rd4 32. Bf3 Rxb4
33. Rxa7 Rb1 34. g4 Rb8 35. g5 b5 36. Bg4 Bc4 37. Rc7 Rf1 38. Rb2 Ra8 39. Bf3
Ra2 40. Rxa2 Bxa2 41. h4 b4 42. Rb7 Rb1 43. Kg3 Be6 44. Kf4 b3 45. g4 Rf1 46.
Ke4 Bd5+ 47. Kxd5 Rxf3 48. Ke5 Kg7 49. h5 h6 50. gxh6+ Kxh6 51. Ke4 Rc3 52.
Rxf7 Rc4+ 53. Kd3 Rb4 54. Rf1 Rxg4 {#d} 1/2-1/2

[Event "17th Hampstead: U2200"]
[Site "Hampstead"]
[Date "2014.04.13"]
[Round "5"]
[White "Kalavannan, Koby"]
[Black "Gaudeau, Valentin"]
[Result "1/2-1/2"]
[WhiteElo "1881"]
[BlackElo "1965"]

1. d4 Nf6 2. Nf3 e6 3. c4 b6 4. g3 Bb7 5. Bg2 Be7 6. O-O O-O 7. Nc3 Ne4 8.
Nxe4 Bxe4 9. b3 Bf6 10. Bb2 c5 11. Rc1 Nc6 12. e3 Nb4 13. Ra1 d5 14. a3 Nd3
15. Bc3 Rc8 16. Nd2 cxd4 17. exd4 Bxg2 18. Kxg2 dxc4 19. Nxc4 Qd5+ 20. f3 Nc5
21. dxc5 Bxc3 22. Rc1 Bd4 23. cxb6 axb6 24. Qd3 Rfd8 25. Rfd1 g6 26. Ne3 Bxe3
27. Qxe3 Qxd1 28. Rxd1 Rxd1 29. Qxb6 h5 30. a4 Rd2+ 31. Kh3 Rcc2 32. Kh4 Kh7
33. Qa7 Kh6 34. Qe3+ Kg7 35. h3 Re2 36. Qd4+ f6 37. Qd8 {#d} 1/2-1/2

[Event "17th Hampstead: U2200"]
[Site "Hampstead"]
[Date "2014.04.13"]
[Round "5"]
[White "Landau, Jonathan"]
[Black "Villiers, Thomas"]
[Result "0-1"]
[WhiteElo "1921"]
[BlackElo "2097"]

1. e4 c6 2. d3 d5 3. Nd2 e5 4. Ngf3 Bd6 5. g3 f5 6. c3 Nf6 7. Qc2 O-O 8. Bg2
Na6 9. b4 Kh8 10. O-O Nc7 11. Bb2 Qe8 12. Rae1 fxe4 13. dxe4 Qh5 14. a3 Bh3
15. Nh4 Bxg2 16. Kxg2 Rae8 17. Nf5 Nxe4 18. Nxd6 Nxd6 19. Qd1 Qf5 20. Qe2 Qc2
21. Nf3 Qxe2 22. Rxe2 Nc4 23. a4 e4 24. Nd4 Ne6 25. Nxe6 Rxe6 26. Bc1 Rf3 27.
Be3 Nxe3+ 28. Rxe3 Ref6 29. Rxf3 Rxf3 30. Rc1 g5 31. Rc2 g4 32. h3 h5 33. hxg4
hxg4 34. b5 c5 35. Rd2 Rf5 36. Rd1 Rh5 37. Re1 c4 38. Rd1 Kg7 39. Rd2 Kf6 40.
Kf1 Ke5 41. Ke2 Rh1 42. Ra2 Rb1 43. Kd2 d4 44. cxd4+ Kxd4 45. Ra3 Rb2+ 46. Ke1
c3 {#R} 0-1

[Event "17th Hampstead: U2200"]
[Site "Hampstead"]
[Date "2014.04.13"]
[Round "5"]
[White "Ilett, Raymond"]
[Black "Prior, Stephen"]
[Result "1/2-1/2"]
[WhiteElo "1885"]
[BlackElo "2052"]

1. d4 d5 2. c4 c6 3. Nf3 Nf6 4. e3 e6 5. Nc3 Nbd7 6. Bd3 dxc4 7. Bxc4 b5 8.
Bd3 Bb7 9. O-O a6 10. Qe2 c5 11. Rd1 Qb6 12. b3 Be7 13. Bb2 O-O 14. Ne5 Nxe5
15. dxe5 Nd5 16. Ne4 Rac8 17. Qh5 g6 18. Qh6 Rfd8 19. Be2 Bf8 20. Qh3 h6 21.
Nd6 Bxd6 22. exd6 Kh7 23. Qf3 Rd7 24. e4 Nb4 25. Qf6 Rg8 26. e5 g5 27. Bh5 Rg7
28. Bc1 Nd5 29. Rxd5 Bxd5 30. h4 Qd8 31. Be3 Qxf6 32. exf6 Rg8 33. hxg5 Rxd6
34. Bxf7 hxg5 35. Bxg8+ Kxg8 36. Bxc5 Rc6 37. Be3 g4 38. Rc1 Rxc1+ {#d}
1/2-1/2

[Event "17th Hampstead: U2200"]
[Site "Hampstead"]
[Date "2014.04.13"]
[Round "5"]
[White "Rogers, Tim"]
[Black "Barasi, Paul"]
[Result "1-0"]
[WhiteElo "1968"]
[BlackElo "1854"]

1. e4 c5 2. Nf3 a6 3. c4 Nc6 4. d4 cxd4 5. Nxd4 Nf6 6. Nc3 e5 7. Nf5 d5 8.
cxd5 Bxf5 9. dxc6 Qxd1+ 10. Kxd1 O-O-O+ 11. Ke1 Nxe4 12. cxb7+ Kxb7 13. Nxe4
Bxe4 14. f3 Bg6 15. Be3 Bb4+ 16. Kf2 Rc8 17. a3 Rc2+ 18. Kg3 Bd2 19. Bxd2 Rxd2
20. b3 Rhd8 21. Bc4 f5 22. Rhe1 e4 23. h4 h5 24. fxe4 fxe4 25. Re3 Rc2 26.
Rae1 Rd6 27. R1e2 Rc1 28. Re1 Rc2 29. R1e2 Rc1 30. Rf2 Rh1 31. Rf4 Kb6 32. b4
Bh7 33. Kf2 Bg6 34. Re2 Rdd1 35. Re3 Rd2+ 36. Kg3 Rg1 37. Rf2 Rd6 38. Rf1 Rxf1
39. Bxf1 Rd4 40. Kf4 Rd5 41. Bc4 Rd2 42. Re2 Rd6 43. Ke3 Rc6 44. Kd4 Rf6 45.
Bd5 Rf4 46. g3 Rf5 47. Re3 Rf2 48. Bxe4 Be8 49. Bd3 Bf7 50. Bc4 a5 51. Bxf7
Rxf7 52. Re6+ Kb7 53. bxa5 Rf3 54. Re7+ Ka6 55. Rxg7 Rxa3 56. Rg5 Ra4+ 57. Ke3
Ra3+ 58. Kf4 Ra4+ 59. Kf5 Kxa5 60. Kg6+ Kb6 61. Kxh5 {#r} 1-0

[Event "17th Hampstead: U2200"]
[Site "Hampstead"]
[Date "2014.04.13"]
[Round "5"]
[White "Farzaliyev, Kanan"]
[Black "Parry, Jacques"]
[Result "1-0"]
[WhiteElo "1924"]
[BlackElo "1759"]

1. e4 c5 2. b4 cxb4 3. a3 d5 4. exd5 Qxd5 5. Bb2 Nc6 6. Nf3 e5 7. axb4 Bxb4 8.
Na3 a6 9. Nb5 Bd6 10. Bc4 Qe4+ 11. Be2 Bb8 12. O-O Nf6 13. Nc3 Qb4 14. Ba3 Qb6
15. Bc4 h6 16. Nd5 Qd8 17. Nxf6+ Qxf6 18. d4 Nxd4 19. Nxd4 exd4 20. Re1+ Be6
21. g3 Bc7 22. Qg4 Kd7 23. Bxe6+ fxe6 24. Rad1 Bb6 25. Rb1 Rhf8 26. Bxf8 Rxf8
27. Re2 Kc7 28. Rxb6 {#r} 1-0

[Event "17th Hampstead: U2200"]
[Site "Hampstead"]
[Date "2014.04.13"]
[Round "5"]
[White "Bonafont, Philip R"]
[Black "Brozel, Sacha"]
[Result "1-0"]
[WhiteElo "2045"]
[BlackElo "1751"]

1. d4 Nf6 2. Nf3 e6 3. c4 b6 4. g3 Bb7 5. Bg2 Be7 6. O-O O-O 7. d5 exd5 8. Nh4
c6 9. cxd5 Nxd5 10. Nf5 Nf6 11. e4 d5 12. Nc3 dxe4 13. Nxe4 Nxe4 14. Bxe4 Bf6
15. Qf3 Nd7 16. Bf4 Ne5 17. Bxe5 Bxe5 18. Rfd1 Qf6 19. Rd7 Bc8 20. Ne7+ Kh8
21. Qh5 h6 22. Nxc8 Raxc8 23. Rad1 b5 24. b4 c5 25. bxc5 Rxc5 26. Qe2 a6 27.
Bc2 Rfc8 28. Bb3 R5c7 29. Qg4 a5 30. Rxf7 Qb6 31. Rxc7 Qxc7 32. Rd7 Qc1+ 33.
Kg2 a4 34. Bd5 Qc2 35. Be4 Qc4 36. Qf5 Qg8 37. Qxe5 Re8 38. Qd4 a3 39. Bd5 Qh7
40. Bb3 Qg6 41. Qd5 b4 42. Rd8 Kh7 43. Bc2 Qxc2 44. Rxe8 b3 45. Qg8+ Kg6 46.
Re6+ Kh5 47. Qf7+ Kg4 48. h3+ Kg5 49. Re5+ {#r} 1-0

[Event "17th Hampstead: U2200"]
[Site "Hampstead"]
[Date "2014.04.13"]
[Round "5"]
[White "Modica, Jake"]
[Black "Jekel, Wolfgang"]
[Result "0-1"]
[WhiteElo "2050"]
[BlackElo "1809"]

1. d4 Nf6 2. c4 c5 3. d5 Ne4 4. Qc2 Qa5+ 5. Nd2 Nd6 6. b3 e5 7. Bb2 f6 8. e3
g6 9. Bc3 Qc7 10. Bd3 Bg7 11. Ne2 Nf7 12. Qb2 d6 13. a3 a5 14. O-O O-O 15. b4
axb4 16. axb4 Rxa1 17. Rxa1 cxb4 18. Bxb4 Na6 19. Ba5 Qd7 20. Nb3 e4 21. Bc2
Ne5 22. Nd2 f5 23. Bc3 Nc5 24. Nc1 Qe7 25. Ra5 Qh4 26. g3 Qh3 27. Bxe5 Bxe5
28. Qb1 h5 29. Ne2 h4 30. Nf4 Bxf4 31. gxf4 Qg4+ 32. Kh1 Qe2 33. Qg1 Kh7 34.
Nb3 Qxc2 35. Nxc5 dxc5 36. Rxc5 Qe2 37. Rc7+ Kh8 38. Qxg6 Qf1+ 39. Qg1 Qxg1+
40. Kxg1 Rg8+ 41. Kf1 h3 42. d6 Be6 43. Rxb7 Bxc4+ 44. Ke1 Rd8 45. Rc7 Be6 46.
Rc6 Rd7 47. Kd2 Kg7 48. Kc3 Kf6 49. Kd4 Bf7 50. Kc5 Ke6 51. Rc7 Bh5 52. Rxd7
Kxd7 53. Kd5 Bf7+ 54. Ke5 Be6 55. Kf6 Kxd6 56. Kg5 Kc5 57. Kh4 Kc4 58. Kxh3
Kd3 59. Kg3 Ke2 60. Kg2 Bf7 61. h3 Bh5 62. h4 Bg4 63. Kg3 Kf1 64. h5 Bxh5 65.
Kh4 Bg4 66. Kg3 Kg1 {#R} 0-1

[Event "17th Hampstead: U2200"]
[Site "Hampstead"]
[Date "2014.04.13"]
[Round "5"]
[White "Ivanov, George"]
[Black "Millward, David J"]
[Result "1/2-1/2"]
[WhiteElo "1701"]
[BlackElo "1900"]

1. e4 e5 2. Nf3 Nc6 3. d4 exd4 4. Bc4 d6 5. Nxd4 Nf6 6. Nc3 Be7 7. O-O O-O 8.
Nxc6 bxc6 9. f3 Bb7 10. Re1 Nd7 11. Qe2 Bf6 12. Bd2 Nb6 13. Bb3 a5 14. a3 Ba6
15. Qf2 Nc4 16. Bc1 c5 17. Kh1 Re8 18. Rb1 Bd4 19. Qg3 Re6 20. Ne2 Rg6 21. Qh3
Bf2 22. Rf1 Bh4 23. Nf4 Rh6 24. Nd5 Bg5 25. Qf5 Bxc1 26. Rbxc1 Nd2 27. Rfd1
Nxb3 28. cxb3 Qh4 29. Qf4 Qxf4 30. Nxf4 Bb7 31. Nd5 Bxd5 32. Rxd5 {#d} 1/2-1/2

[Event "17th Hampstead: U2200"]
[Site "Hampstead"]
[Date "2014.04.13"]
[Round "5"]
[White "Sagues, Vincent"]
[Black "Jina, Taran"]
[Result "1-0"]
[WhiteElo "1898"]
[BlackElo "1724"]

1. e4 d5 2. exd5 Nf6 3. d4 Nxd5 4. Nf3 g6 5. Be2 Bg7 6. O-O O-O 7. Nc3 c6 8.
Ne4 Nd7 9. c4 N5f6 10. Nc3 Nb6 11. Ne5 Nfd7 12. f4 Nxe5 13. fxe5 c5 14. dxc5
Qxd1 15. Rxd1 Nd7 16. Nd5 Nxe5 17. Nxe7+ Kh8 18. Bg5 Be6 19. Nd5 Nc6 20. Bf6
Bxf6 21. Nxf6 Kg7 22. Nd5 Rac8 23. a3 a5 24. Rab1 Rfd8 25. b4 axb4 26. axb4
Ne5 27. Nb6 Rb8 28. Rd6 Nc6 29. Rxd8 Rxd8 30. Bf3 Bf5 31. Rb2 Rd4 32. b5 Nd8
33. Kf2 Kf6 34. Ke3 Rd3+ 35. Ke2 Rd4 36. Rd2 Rxd2+ 37. Kxd2 Ke5 38. Ke3 g5 39.
g3 Be6 40. Nd5 f5 41. Nb6 h6 42. Bd5 h5 43. Bxe6 Kxe6 44. Kd4 Nf7 45. Nd5 h4
46. gxh4 gxh4 47. Nf4+ Kf6 48. h3 Ng5 49. Kd5 Nf7 50. c6 bxc6+ 51. Kxc6 Ne5+
52. Kd5 Nd7 53. Kd6 Nb6 54. Nd5+ Nxd5 55. Kxd5 Kg5 56. b6 Kf4 57. b7 Kg3 58.
b8=Q+ Kxh3 59. Qf4 Kg2 60. Qxh4 Kf3 61. Qg5 f4 62. Ke5 {#r} 1-0

[Event "17th Hampstead: U2200"]
[Site "Hampstead"]
[Date "2014.04.13"]
[Round "5"]
[White "Anbukumar, Hajane"]
[Black "Carter, John"]
[Result "1-0"]
[WhiteElo "1648"]
[BlackElo "1755"]

1. d4 d5 2. Nf3 Nf6 3. g3 Bf5 4. Bg2 e6 5. O-O c5 6. c4 Nc6 7. cxd5 exd5 8.
Nc3 Be7 9. Bf4 O-O 10. a3 Re8 11. dxc5 Bxc5 12. b4 Be7 13. Nh4 Be6 14. Nf3 Rc8
15. Ng5 Nxb4 16. Nxe6 fxe6 17. axb4 Rxc3 18. Rxa7 Qb6 19. Qa4 Rec8 20. Qa5
Qxb4 21. Qxb4 Bxb4 22. Rxb7 Ba3 23. Bh3 R8c6 24. Be5 Rc2 25. Ra1 Bf8 26. Ra8
Rc1+ 27. Kg2 R1c2 28. Bxf6 gxf6 29. Rbb8 Rxe2 30. Rxf8+ Kg7 31. Rg8+ Kf7 32.
Bg4 Rd2 33. Bh5+ Ke7 34. Rg7+ Kd6 35. Rd8+ Ke5 36. Rg4 Rcc2 37. Rf4 f5 38. Rd7
Kf6 39. h4 Ke5 40. Rxh7 Rc4 41. Rxc4 dxc4 42. Rc7 Kd4 43. Be8 Rc2 44. h5 Ra2
45. h6 Ra8 46. Re7 c3 47. h7 {#r} 1-0

[Event "17th Hampstead: U2200"]
[Site "Hampstead"]
[Date "2014.04.13"]
[Round "5"]
[White "Samadov, Samir"]
[Black "Zhou, Yang-Jian"]
[Result "1/2-1/2"]
[WhiteElo "1624"]
[BlackElo "1730"]

1. e4 c5 2. c3 g6 3. d4 cxd4 4. cxd4 d5 5. e5 Bg7 6. Nc3 Nc6 7. Nf3 Bg4 8. Be3
Nh6 9. h3 Bxf3 10. Qxf3 Nf5 11. Bb5 O-O 12. Rd1 Nxe3 13. fxe3 a6 14. Ba4 b5
15. Bb3 e6 16. O-O Bh6 17. Kh1 Na5 18. e4 Nxb3 19. axb3 dxe4 20. Nxe4 Bg5 21.
Qg4 Be7 22. Nf6+ Bxf6 23. exf6 Qd5 24. Qh4 h5 25. Rde1 Rfd8 26. Qf4 Kh7 27.
Re5 Qd6 28. Qh4 Qf8 29. g4 Rxd4 30. Qf2 Rd3 31. gxh5 Rxh3+ 32. Kg2 Rxh5 33.
Rxh5+ gxh5 34. Qf3 Ra7 35. Qd3+ Kh8 36. Qd1 Qg8+ 37. Kf2 Qg5 38. Qd8+ Kh7 39.
Rg1 Qf5+ 40. Ke2 Qc2+ 41. Ke1 Qb1+ 42. Kf2 Qxb2+ 43. Ke1 Qe5+ 44. Kf2 Qc5+ 45.
Kf1 Qf5+ 46. Ke2 Qe4+ 47. Kf2 Qf4+ 48. Ke2 Qh2+ 49. Kf1 Qh3+ 50. Rg2 Qf3+ {#d}
1/2-1/2

[Event "17th Hampstead: U2200"]
[Site "Hampstead"]
[Date "2014.04.13"]
[Round "5"]
[White "Karia, Rishul"]
[Black "Davies, Cledwyn"]
[Result "1-0"]
[WhiteElo "1408"]
[BlackElo "1727"]

1. e4 d5 2. exd5 Qxd5 3. Nc3 Qd8 4. Bc4 Nf6 5. h3 Bf5 6. d3 e5 7. Nf3 Bd6 8.
Bg5 Nbd7 9. Nh4 Be6 10. Bxe6 fxe6 11. O-O O-O 12. Nf3 c6 13. Ne4 Bc7 14. Re1
Qe8 15. Nxf6+ gxf6 16. Bh6 Rf7 17. Nh4 f5 18. Qh5 Nf6 19. Qg5+ Kh8 20. Nf3 Qg8
21. Qxg8+ Rxg8 22. Nxe5 Bxe5 23. Rxe5 Rg6 24. Bd2 Rfg7 25. g3 Nh5 26. Kh2 Nf6
27. Rae1 h5 28. Rxe6 Nd5 29. c4 Nc7 30. Rxg6 Rxg6 31. Re7 Ne6 32. Bc3+ Kg8 33.
Rxb7 Nc5 34. Rb8+ Kf7 35. Rd8 Re6 36. b4 Na4 37. Bd4 Re2 38. Rd7+ Ke6 39. Rxa7
Nb2 40. Ra3 Rd2 41. Bxb2 Rxf2+ 42. Kg1 Rxb2 43. Rb3 Rxa2 44. b5 Ra1+ 45. Kf2
cxb5 46. cxb5 Kd7 47. b6 Kc8 48. h4 Kb7 49. Rb5 Ra2+ 50. Kf3 Ra3 51. Rxf5
Rxd3+ 52. Kf4 Rd4+ 53. Ke3 Rg4 54. Rg5 Rb4 55. Rxh5 Kxb6 56. Rg5 Kc6 57. h5
Kd6 58. h6 Rb8 59. h7 Rh8 60. Rh5 Ke6 61. Kf4 Kf6 62. Rh6+ Kg7 63. Kg5 Kf7 64.
Rf6+ Kg7 65. Rg6+ Kxh7 66. Rh6+ Kg7 67. Rxh8 Kxh8 68. Kf6 Kg8 69. g4 Kf8 70.
g5 Kg8 71. Kg6 Kf8 72. Kh7 {#r} 1-0

[Event "17th Hampstead: U2200"]
[Site "Hampstead"]
[Date "2014.04.13"]
[Round "5"]
[White "Jain, Gautam"]
[Black "Mitchell, Robert"]
[Result "1-0"]
[WhiteElo "1678"]
[BlackElo "1640"]

1. e4 d5 2. exd5 Qxd5 3. Nc3 Qd6 4. d4 Nf6 5. h3 c6 6. Nf3 Bf5 7. Be3 e6 8.
Qd2 Be7 9. O-O-O O-O 10. g4 Be4 11. Nxe4 Nxe4 12. Qd3 Nf6 13. Ng5 Nbd7 14. Bg2
Rfd8 15. Ne4 Nxe4 16. Bxe4 g6 17. g5 Nf8 18. c3 Qc7 19. Qc2 Bd6 20. Rdg1 Bf4
21. Rg4 Bxe3+ 22. fxe3 e5 23. Rf1 exd4 24. exd4 Rd7 25. Bd3 b5 26. Qf2 Re8 27.
Rf4 Ree7 28. Bc2 a5 29. a3 Ne6 30. Rg4 c5 31. Bb3 c4 32. Bc2 Nd8 33. h4 Re8
34. h5 Qd6 35. Rf4 Qe6 36. Re4 Qxe4 37. Bxe4 Rxe4 38. hxg6 hxg6 39. Re1 Rxe1+
40. Qxe1 Ne6 41. Qe5 b4 42. Qxa5 bxa3 43. bxa3 Nf4 44. Qa8+ Kg7 45. Qc6 Nd3+
46. Kd2 Ra7 47. Qxc4 {#r} 1-0

[Event "17th Hampstead: U2200"]
[Site "Hampstead"]
[Date "2014.04.13"]
[Round "5"]
[White "Pepe, Salvatore"]
[Black "Cadart, Antoine"]
[Result "1-0"]
[WhiteElo "1696"]
[BlackElo "1630"]

1. d4 d5 2. Nf3 e6 3. c4 c6 4. e3 Nf6 5. Bd3 Be7 6. Nc3 O-O 7. Qc2 Nbd7 8. h4
dxc4 9. Bxc4 b5 10. Bd3 Bb7 11. Ne5 c5 12. Nxd7 Qxd7 13. Bxb5 Qc7 14. O-O Ng4
15. f4 Bxh4 16. Ne4 a6 17. Be2 Bxe4 18. Qxe4 Nf6 19. Qe5 Qxe5 20. dxe5 Nd5 21.
e4 Nb4 22. Bd2 Rfd8 23. Bc3 Nc6 24. Bc4 Nd4 25. Rad1 Nc2 26. Bb3 Ne3 27. Rxd8+
Rxd8 28. Rf3 Nd1 29. Ba5 Rd4 30. Bb6 Be7 31. f5 Nxb2 32. fxe6 f6 33. exf6 gxf6
34. Bxc5 {#r} 1-0

[Event "17th Hampstead: U2200"]
[Site "Hampstead"]
[Date "2014.04.13"]
[Round "5"]
[White "Gribben, Chris"]
[Black "Pride, Stephen"]
[Result "1/2-1/2"]
[WhiteElo "1540"]
[BlackElo "1784"]

1. e4 d6 2. d4 Nf6 3. Nc3 Nc6 4. Nf3 g6 5. Bf4 Bg7 6. Qd2 O-O 7. O-O-O Bg4 8.
h3 Bxf3 9. gxf3 e5 10. dxe5 dxe5 11. Be3 Qxd2+ 12. Rxd2 Rad8 13. Nb5 Rxd2 14.
Kxd2 Rc8 15. c3 a6 16. Na3 Rd8+ 17. Kc2 Ne8 18. Bc4 Nd6 19. Rd1 Nxc4 20. Rxd8+
Nxd8 21. Nxc4 Nc6 22. b3 f5 {#d} 1/2-1/2

[Event "17th Hampstead: U2200"]
[Site "Hampstead"]
[Date "2014.04.13"]
[Round "5"]
[White "Gaudeau, Alain"]
[Black "Ungaro, Fabio"]
[Result "1/2-1/2"]
[WhiteElo "1090"]
[BlackElo "1705"]

1. d4 Nf6 2. c4 g6 3. Nc3 Bg7 4. Nf3 O-O 5. e3 d6 6. Be2 Nbd7 7. O-O c5 8. Qb3
Qc7 9. Bd2 a6 10. Rac1 b6 11. Qc2 Bb7 12. d5 e6 13. e4 e5 14. h3 Nh5 15. Nh2
Nf4 16. Bxf4 exf4 17. Bf3 Ne5 18. b3 Qe7 19. Qd2 Qh4 20. Ne2 Bh6 21. Rb1 Bc8
22. Qc3 {#d} 1/2-1/2